000
00246nam a2200109Ia 4500
005
20260328101454.0
008
260328s9999||||xx |||||||||||||| ||und||
245
0
_a
Artificia :
_b
Catalogue /
300
_a
143 p.
650
_a
CATÁLOGOS
942
_c
BK
999
_c
8758
_d
8758